Mo Mường
Giới thiệu các câu hát trong đám tang của người Mường ở Việt Nam.
Wedi'i Gadw mewn:
| Prif Awdur: | |
|---|---|
| Fformat: | Llyfr |
| Iaith: | Undetermined |
| Cyhoeddwyd: |
Hà nợi
Văn hoá dân tộc
2013
|
| Pynciau: | |
| Tagiau: |
Ychwanegu Tag
Dim Tagiau, Byddwch y cyntaf i dagio'r cofnod hwn!
|
| Thư viện lưu trữ: | Trung tâm Học liệu Trường Đại học Cần Thơ |
|---|
| LEADER | 00631nam a2200193Ia 4500 | ||
|---|---|---|---|
| 001 | CTU_190806 | ||
| 008 | 210402s9999 xx 000 0 und d | ||
| 082 | |a 398.209597 | ||
| 082 | |b N462/T.3 | ||
| 100 | |a Bùi, Văn Nợi | ||
| 245 | 0 | |a Mo Mường | |
| 245 | 0 | |c Bùi Văn Nợi | |
| 260 | |a Hà nợi | ||
| 260 | |b Văn hoá dân tộc | ||
| 260 | |c 2013 | ||
| 520 | |a Giới thiệu các câu hát trong đám tang của người Mường ở Việt Nam. | ||
| 650 | |a Folk literature,Văn học dân gian | ||
| 910 | |a Hải | ||
| 980 | |a Trung tâm Học liệu Trường Đại học Cần Thơ | ||